| 000 | 00602nam a2200229Ia 4500 | ||
|---|---|---|---|
| 005 | 20251118131417.0 | ||
| 008 | 230125s9999 xx 000 0 und d | ||
| 020 | _a978-81-314-1891-8 | ||
| 041 | _aeng | ||
| 082 |
_a158.1 _bSUJ/SUS |
||
| 100 |
_aSujatha B, Ed. _9215001 |
||
| 245 | _aManaging Anger | ||
| 250 | _a1st Ed. | ||
| 260 |
_c2008 _bICFAI publication _aHyderabad |
||
| 300 | _a227p | ||
| 440 |
_aICFAI _9215002 |
||
| 500 | _aPersonality Development, | ||
| 650 |
_aPersonality Development _9213420 |
||
| 700 |
_aSujatha B, Ed. & Sushuma G, Ed. _9215003 |
||
| 906 | _b120 | ||
| 942 | _cBK | ||
| 999 |
_c88147 _d88147 |
||